Guidelines for country studies on biological diversity. (Record no. 2780)
[ view plain ]
| 000 -LEADER | |
|---|---|
| fixed length control field | 00606nam a22002052 4500 |
| 001 - CONTROL NUMBER | |
| control field | 0000004551 |
| 005 - DATE AND TIME OF LATEST TRANSACTION | |
| control field | 20151217145816.0 |
| 008 - FIXED-LENGTH DATA ELEMENTS--GENERAL INFORMATION | |
| fixed length control field | 070524s xx 000 0 eng d |
| 040 ## - CATALOGING SOURCE | |
| Original cataloging agency | KABU |
| Transcribing agency | KABU |
| 050 #0 - LIBRARY OF CONGRESS CALL NUMBER | |
| Classification number | QH77 |
| Item number | .K46G85 |
| 245 10 - TITLE STATEMENT | |
| Title | Guidelines for country studies on biological diversity. |
| 260 ## - PUBLICATION, DISTRIBUTION, ETC. (IMPRINT) | |
| Place of publication, distribution, etc. | Nairobi : |
| Name of publisher, distributor, etc. | ENEP, |
| Date of publication, distribution, etc. | [1992] |
| 300 ## - PHYSICAL DESCRIPTION | |
| Extent | iv, (various pagings) |
| 500 ## - GENERAL NOTE | |
| General note | UNEP. |
| 650 #0 - SUBJECT ADDED ENTRY--TOPICAL TERM | |
| Topical term or geographic name as entry element | Biological diversity |
| Geographic subdivision | Kenya. |
| -- | 0000155166 |
| 908 ## - PUT COMMAND PARAMETER (RLIN) | |
| Put command parameter | 070524 |
| 950 ## - LOCAL HOLDINGS (RLIN) | |
| -- | 1 |
| Withdrawn status | Lost status | Source of classification or shelving scheme | Not for loan | Home library | Current library | Date acquired | Total Checkouts | Full call number | Barcode | Date last seen | Price effective from | Koha item type |
|---|---|---|---|---|---|---|---|---|---|---|---|---|
| Library of Congress Classification | Kabarak, Main Campus | Kabarak, Main Campus | 17/12/2015 | QH77 .K46G85 | 007460 | 17/12/2015 | 17/12/2015 | General Collection | ||||
| Library of Congress Classification | Kabarak, Main Campus | Kabarak, Main Campus | 17/12/2015 | QH77 .K46G85 | 007461 | 17/12/2015 | 17/12/2015 | General Collection |